[Event "II Open Dicembre"]
[Site "Arco ITA"]
[Date "2011.12.30"]
[Round "7"]
[White "Menon, Michele"]
[Black "Paniga, Danilo"]
[Result "0-1"]
[WhiteElo "1779"]
[BlackElo "1840"]
[PlyCount "102"]
[EventDate "2011.12.26"]

1. Nf3 f5 2. e4 fxe4 3. Ng5 Nf6 4. d3 e3 5. Bxe3 g6 6. Nc3 Bg7 7. Be2 d6 8. O-O
O-O 9. d4 c6 10. d5 c5 11. a4 h6 12. Nge4 Nbd7 13. f4 Nxe4 14. Nxe4 Nf6 15. Ng3
Qe8 16. c4 Qf7 17. f5 g5 18. Kh1 Bd7 19. Bd2 b6 20. Bc3 a6 21. Nh5 Bh8 22. Ng3
Rfb8 23. Rc1 b5 24. axb5 axb5 25. cxb5 Bxb5 26. Bxb5 Rxb5 27. Qe2 Rb7 28. Qe6
Bg7 29. Rcd1 Qxe6 30. fxe6 Kh7 31. h3 Kg6 32. Nf5 Nh5 33. Bxg7 Nxg7 34. Nxg7
Kxg7 35. Rf7+ Kg6 36. Rd2 Ra2 37. Rff2 Ra4 38. Rd1 Rab4 39. Rdd2 Rf4 40. Kg1
Kf5 41. g4+ Ke5 42. Rfe2+ Re4 43. Rf2 Rf4 44. Rde2+ Kf6 45. Kg2 Rbb4 46. Rc2
Rbd4 47. Rfd2 Ke5 48. Re2+ Kxd5 49. Rc3 Rde4 50. Rce3 Rxe3 51. Rxe3 Re4 0-1

[Event "II Open Dicembre"]
[Site "Arco ITA"]
[Date "2011.12.30"]
[Round "7"]
[White "Molinelli, Luigi"]
[Black "De Nardo, Elena"]
[Result "1-0"]
[WhiteElo "1267"]
[BlackElo "1599"]
[PlyCount "91"]
[EventDate "2011.12.26"]

1. d4 d5 2. Nf3 Nf6 3. c4 e6 4. g3 b6 5. Bg2 Bb7 6. O-O Bd6 7. Qc2 Nc6 8. Nbd2
Ne7 9. a4 c5 10. e3 cxd4 11. Nxd4 a5 12. Re1 Rc8 13. b3 Qd7 14. Nb5 Be5 15. Bb2
Bxb2 16. Qxb2 dxc4 17. Bxb7 Qxb7 18. Nd6+ Kf8 19. Nxb7 c3 20. Qa3 cxd2 21. Red1
Rc7 22. Nd6 Nd7 23. Rxd2 Ne5 24. Kg2 g5 25. Ne4 g4 26. Qd6 Nf3 27. Qxc7 Nxd2
28. Nxd2 Nd5 29. Rc1 Nxc7 30. Rxc7 Kg7 31. Ne4 Kg6 32. Kf1 Rd8 33. Ke2 f5 34.
Nc3 h5 35. Rc6 Rb8 36. Rxe6+ Kg5 37. Nd5 b5 38. Rb6 Rxb6 39. Nxb6 bxa4 40. bxa4
h4 41. f4+ gxf3+ 42. Kxf3 hxg3 43. hxg3 Kf6 44. Kf4 Kg6 45. Nc4 Kf6 46. Nxa5
1-0

[Event "II Open Dicembre"]
[Site "Arco ITA"]
[Date "2011.12.30"]
[Round "7"]
[White "Mora, Massimo"]
[Black "Lezzerini, Marco"]
[Result "1-0"]
[WhiteElo "1998"]
[BlackElo "1871"]
[PlyCount "77"]
[EventDate "2011.12.26"]

1. Nf3 d6 2. d4 g6 3. e4 Nf6 4. Bd3 Bg7 5. h3 O-O 6. Be3 Nbd7 7. c3 c5 8. Qd2
Re8 9. O-O a6 10. Bh6 Bh8 11. Re1 e5 12. dxe5 dxe5 13. a4 b6 14. Qc2 Nb8 15.
Nbd2 Nc6 16. Rad1 Qe7 17. Ng5 Bg7 18. Bxg7 Kxg7 19. Bc4 Rf8 20. Ngf3 Nh5 21.
Bd5 Bd7 22. Nc4 Rab8 23. Bxc6 Bxc6 24. Ncxe5 Be8 25. Qd2 Bxa4 26. Ra1 Qe8 27.
Ng4 f6 28. e5 Qd7 29. Qh6+ Kg8 30. e6 Qe8 31. Nh4 Bb5 32. e7 Rf7 33. Nxg6 f5
34. N4e5 hxg6 35. Qxg6+ Ng7 36. Nxf7 Qxf7 37. Qd6 Re8 38. Rad1 Bc4 39. Qg3 1-0

[Event "II Open Dicembre"]
[Site "Arco ITA"]
[Date "2011.12.30"]
[Round "7"]
[White "Paltrinieri, Mario"]
[Black "Mondal, Prince"]
[Result "0-1"]
[WhiteElo "1690"]
[BlackElo "1786"]
[PlyCount "88"]
[EventDate "2011.12.26"]

1. b3 d5 2. Bb2 Nf6 3. f4 g6 4. Nf3 Bg7 5. e3 c5 6. Bb5+ Bd7 7. Bxd7+ Qxd7 8.
Ne5 Qc7 9. d3 Nc6 10. Nd2 O-O 11. O-O Rfd8 12. Nxc6 Qxc6 13. Qe1 a6 14. Qh4 b5
15. Nf3 Rac8 16. Ne5 Qd6 17. Rf3 d4 18. e4 Nd7 19. Rh3 Nf6 20. g4 Kf8 21. Qg5
h6 22. Rxh6 Bxh6 23. Qxh6+ Kg8 24. Rf1 Nd7 25. Rf3 Nxe5 26. Rh3 Qf6 27. fxe5
Qxe5 28. Bc1 Qg7 29. Qh4 f6 30. Bh6 g5 31. Qf2 Qg6 32. Qe1 Kf7 33. e5 Rh8 34.
e6+ Kg8 35. Rf3 Rxh6 36. Qg3 Kg7 37. Kg2 Rch8 38. Qc7 Rxh2+ 39. Qxh2 Rxh2+ 40.
Kxh2 Qe8 41. Rf2 Qc6 42. Re2 c4 43. b4 cxd3 44. cxd3 Qc3 0-1

[Event "II Open Dicembre"]
[Site "Arco ITA"]
[Date "2011.12.30"]
[Round "7"]
[White "Paltrinieri, Nicholas"]
[Black "Raineri, Valerio"]
[Result "1-0"]
[WhiteElo "2109"]
[BlackElo "2159"]
[PlyCount "75"]
[EventDate "2011.12.26"]

1. d4 Nf6 2. Bg5 g6 3. Bxf6 exf6 4. c4 Bg7 5. Nc3 f5 6. e3 d6 7. g3 Nd7 8. Nge2
Nf6 9. Bg2 c6 10. Qd3 Qe7 11. b4 O-O 12. O-O Re8 13. b5 c5 14. dxc5 dxc5 15.
Rad1 Be6 16. Nf4 Rad8 17. Ncd5 Bxd5 18. Nxd5 Nxd5 19. Bxd5 Be5 20. Qe2 h5 21.
Qf3 Rd7 22. Rd3 Kg7 23. Rfd1 h4 24. R1d2 Rh8 25. Qd1 hxg3 26. hxg3 Rxd5 27.
Rxd5 Bxg3 28. Qf3 Bb8 29. Rd7 Qh4 30. e4 Be5 31. Kf1 Bd4 32. exf5 g5 33. Ke2 g4
34. Qg2 Qg5 35. Qd5 Rf8 36. Re7 Qf6 37. Rxb7 g3 38. fxg3 1-0

[Event "II Open Dicembre"]
[Site "Arco ITA"]
[Date "2011.12.30"]
[Round "7"]
[White "Pedrotti, Luciano"]
[Black "Oltramari, Silvano"]
[Result "1/2-1/2"]
[WhiteElo "1801"]
[BlackElo "1583"]
[PlyCount "23"]
[EventDate "2011.12.26"]

1. e4 c5 2. Nf3 g6 3. Bc4 Nc6 4. c3 Bg7 5. O-O e5 6. d3 Nge7 7. Ng5 d5 8. exd5
Nxd5 9. Nxf7 Kxf7 10. Qf3+ Ke8 11. Bxd5 Qe7 12. Bd2 1/2-1/2

[Event "II Open Dicembre"]
[Site "Arco ITA"]
[Date "2011.12.30"]
[Round "7"]
[White "Petragnani, Alessandro"]
[Black "Giancotti, Eraldo"]
[Result "1-0"]
[WhiteElo "1924"]
[BlackElo "2097"]
[PlyCount "59"]
[EventDate "2011.12.26"]

1. c4 Nc6 2. g3 e5 3. Bg2 d6 4. Nc3 g6 5. Nf3 Bg7 6. d3 h6 7. Bd2 Be6 8. Rb1 a5
9. Nd5 Nge7 10. e4 O-O 11. Qc1 Kh7 12. h4 Bxd5 13. cxd5 Nb4 14. Qc4 c6 15. Bxb4
axb4 16. dxc6 bxc6 17. O-O d5 18. Qxb4 Rxa2 19. Ra1 Rxa1 20. Rxa1 f5 21. Ra7
Rf7 22. h5 fxe4 23. hxg6+ Kxg6 24. Nh4+ Kf6 25. Bh3 Nc8 26. Ra6 Rc7 27. dxe4 d4
28. Qb3 Ke7 29. Qe6+ Kf8 30. Ng6# 1-0

[Event "II Open Dicembre"]
[Site "Arco ITA"]
[Date "2011.12.30"]
[Round "7"]
[White "Petragnani, Gian Giacomo"]
[Black "Pellicoro, Roberto"]
[Result "0-1"]
[WhiteElo "1752"]
[BlackElo "1386"]
[PlyCount "107"]
[EventDate "2011.12.26"]

1. Nf3 Nf6 2. g3 Nc6 3. Bg2 e5 4. d3 d5 5. O-O Bd6 6. c4 d4 7. a3 O-O 8. b4 b6
9. b5 Ne7 10. Nxe5 Rb8 11. Nc6 Nxc6 12. Bxc6 Bb7 13. Bxb7 Rxb7 14. Nd2 Qd7 15.
Nf3 c5 16. bxc6 Qxc6 17. Nxd4 Qd7 18. Nb5 Be5 19. d4 Qh3 20. f4 Ng4 21. Rf2
Nxf2 22. Kxf2 Qxh2+ 23. Kf3 Bf6 24. Be3 Qh5+ 25. Kf2 h6 26. Qh1 Qxh1 27. Rxh1
a6 28. Nc3 b5 29. Ne4 Be7 30. c5 Re8 31. d5 b4 32. c6 Rbb8 33. c7 Ra8 34. d6 f5
35. d7 fxe4 36. dxe8=Q+ Rxe8 37. axb4 Bxb4 38. Rd1 Ba5 39. Rd8 Rxd8 40. cxd8=Q+
Bxd8 41. Bc5 Kf7 42. Ke3 Kf6 43. Kxe4 g5 44. Bf8 gxf4 45. gxf4 h5 46. Bd6 Be7
47. Be5+ Kf7 48. f5 Bf6 49. Bf4 a5 50. Kd3 a4 51. Kc4 Be7 52. e4 Kf6 53. e5+
Kxf5 54. Bh2 0-1

[Event "II Open Dicembre"]
[Site "Arco ITA"]
[Date "2011.12.29"]
[Round "7"]
[White "Resch, Aaron"]
[Black "Sinner, Armin"]
[Result "1/2-1/2"]
[WhiteElo "1607"]
[BlackElo "1783"]
[PlyCount "47"]
[EventDate "2011.12.26"]

1. e4 c5 2. Nf3 d6 3. d4 cxd4 4. Nxd4 Nf6 5. Nc3 a6 6. Be3 e6 7. Nf3 Qc7 8. h3
Be7 9. Bd3 Nbd7 10. Qd2 b6 11. Nd4 Bb7 12. f3 d5 13. exd5 Nxd5 14. Nxd5 Bxd5
15. Ne2 Bh4+ 16. Bf2 Bxf2+ 17. Kxf2 O-O 18. Nc3 Bb7 19. Be4 Nf6 20. Bxb7 Qxb7
21. Rad1 Qc7 22. Qe2 Nh5 23. Rhe1 Qg3+ 24. Kf1 1/2-1/2

[Event "II Open Dicembre"]
[Site "Arco ITA"]
[Date "2011.12.29"]
[Round "7"]
[White "Rizzo, Giuseppe"]
[Black "Vinciguerra, Riccardo"]
[Result "1/2-1/2"]
[WhiteElo "1732"]
[BlackElo "1589"]
[PlyCount "68"]
[EventDate "2011.12.26"]

1. d4 d5 2. Nf3 g6 3. e3 Bg7 4. Bd3 Nf6 5. O-O O-O 6. Nbd2 Nbd7 7. b3 b6 8. Bb2
Bb7 9. Ne5 e6 10. f3 Nxe5 11. dxe5 Nd7 12. f4 a6 13. a4 Qh4 14. Be2 c5 15. Bf3
Rab8 16. g3 Qd8 17. c4 Re8 18. Qe2 f5 19. Rad1 Nf8 20. cxd5 Bxd5 21. Nc4 Bxf3
22. Qxf3 Qc7 23. Nd6 Red8 24. Rd2 Rbc8 25. Rfd1 Qc6 26. Qe2 Ra8 27. Rc2 a5 28.
Rcd2 Rab8 29. Nb5 Rxd2 30. Rxd2 Qe4 31. Nd6 Qc6 32. e4 Rd8 33. exf5 gxf5 34.
Qc4 Qf3 1/2-1/2

[Event "II Open Dicembre"]
[Site "Arco ITA"]
[Date "2011.12.30"]
[Round "7"]
[White "Schingaro, Angelo"]
[Black "Spornberger, Peter"]
[Result "0-1"]
[WhiteElo "1727"]
[BlackElo "1687"]
[PlyCount "68"]
[EventDate "2011.12.26"]

1. e4 e5 2. Nf3 Nc6 3. d4 exd4 4. Nxd4 Bc5 5. Nxc6 Qf6 6. Qd2 Qxc6 7. Bd3 d6 8.
Nc3 a6 9. O-O Nf6 10. Nd5 Be6 11. b4 Bb6 12. Nxb6 cxb6 13. f3 O-O-O 14. Bb2 Qc7
15. c4 Kb8 16. Rfc1 Nd7 17. Qe2 Ne5 18. a4 Nxd3 19. Qxd3 Rc8 20. c5 dxc5 21.
bxc5 Rhd8 22. Qe3 bxc5 23. Bxg7 Ka8 24. a5 c4 25. Bd4 Qc6 26. Bb6 Rd3 27. Qh6
c3 28. Qxh7 c2 29. e5 Qd7 30. Qe4 Rd1+ 31. Kf2 Qd2+ 32. Qe2 Rxc1 33. Qxd2 Rxa1
34. Be3 c1=Q 0-1

[Event "II Open Dicembre"]
[Site "Arco ITA"]
[Date "2011.12.30"]
[Round "7"]
[White "Silini, Riccardo"]
[Black "Bisaro, Andrea"]
[Result "1-0"]
[WhiteElo "1823"]
[BlackElo "1756"]
[PlyCount "64"]
[EventDate "2011.12.26"]

1. Nf3 d5 2. d4 Nf6 3. c4 e6 4. Bg5 Be7 5. c5 O-O 6. e3 b6 7. b4 Bb7 8. Bxf6
Bxf6 9. cxb6 axb6 10. Bd3 c5 11. bxc5 bxc5 12. a4 cxd4 13. exd4 Qa5+ 14. Nbd2
Nc6 15. O-O Qa7 16. Nb3 Nb4 17. Bb5 Ba6 18. Bxa6 Qxa6 19. a5 Rfc8 20. Qd2 Qb5
21. Rfc1 Na6 22. Rab1 Qd7 23. Ne5 Qd6 24. f4 Bd8 25. Rxc8 Rxc8 26. Nd3 Qb8 27.
Rb2 Qa7 28. Rc2 Rc4 29. Ne5 Rxc2 30. Qxc2 f6 31. Qc8 fxe5 32. Qxd8+ Kf7 1-0

[Event "II Open Dicembre"]
[Site "Arco ITA"]
[Date "2011.12.30"]
[Round "7"]
[White "Spornberger, Andre"]
[Black "Dalponte, Dino"]
[Result "1/2-1/2"]
[WhiteElo "1949"]
[BlackElo "2078"]
[PlyCount "66"]
[EventDate "2011.12.26"]

1. e4 d6 2. d4 g6 3. Nc3 Bg7 4. Nf3 Bg4 5. Be2 Nd7 6. Be3 e6 7. h3 Bxf3 8. Bxf3
Ne7 9. Qd2 h6 10. h4 Nb6 11. Be2 a6 12. h5 g5 13. a4 Qd7 14. f4 f6 15. O-O-O d5
16. e5 gxf4 17. Bxf4 fxe5 18. Bxe5 Bxe5 19. dxe5 O-O-O 20. Rdf1 Nc6 21. Rf6
Nxe5 22. Rxh6 Nec4 23. Qg5 Rhf8 24. Qg3 Rde8 25. Rh7 Qd6 26. Rf7 Rg8 27. Rg7
Rxg7 28. Qxg7 d4 29. Nd1 Qf4+ 30. Kb1 Nd2+ 31. Kc1 Nf1+ 32. Kb1 Nd2+ 33. Kc1
Nf1+ 1/2-1/2

[Event "II Open Dicembre"]
[Site "Arco ITA"]
[Date "2011.12.30"]
[Round "7"]
[White "Spornberger, Maximilian"]
[Black "Trauth, Michael"]
[Result "1/2-1/2"]
[WhiteElo "2202"]
[BlackElo "2180"]
[PlyCount "95"]
[EventDate "2011.12.26"]

1. e4 c5 2. Nc3 Nc6 3. f4 g6 4. Nf3 Bg7 5. Bb5 Nd4 6. O-O Nh6 7. Nxd4 cxd4 8.
Ne2 O-O 9. Bd3 f5 10. e5 d6 11. exd6 Qxd6 12. c3 Be6 13. Kh1 dxc3 14. dxc3 Rad8
15. Bc2 Bc4 16. Qxd6 Rxd6 17. Bb3 b5 18. h3 Nf7 19. Rf2 Rfd8 20. Be3 Bxb3 21.
axb3 Rd1+ 22. Rf1 Rxf1+ 23. Rxf1 Rd3 24. Bxa7 Rd2 25. Nd4 Rxb2 26. Nxb5 Rxb3
27. c4 e5 28. fxe5 Nxe5 29. Nd6 Nd3 30. Bg1 Be5 31. c5 Nb4 32. Re1 Bg3 33. Ra1
Rd3 34. Nb5 h5 35. Na7 Bb8 36. c6 Rc3 37. Rd1 Bxa7 38. Rd8+ Kf7 39. Rd7+ Ke6
40. Rxa7 Rxc6 41. Rg7 Kd5 42. Kh2 Kc4 43. Kg3 Nd5 44. Kh4 Nf4 45. g3 Ne2 46.
Be3 Kd3 47. Bf4 Nxf4 48. gxf4 1/2-1/2

[Event "II Open Dicembre"]
[Site "Arco ITA"]
[Date "2011.12.30"]
[Round "7"]
[White "Zappi, Adriano"]
[Black "Medves, Adriano"]
[Result "0-1"]
[WhiteElo "1717"]
[BlackElo "1858"]
[PlyCount "88"]
[EventDate "2011.12.26"]

1. Nf3 g6 2. d4 Bg7 3. Bf4 d6 4. e3 Nd7 5. Be2 b6 6. Nbd2 Bb7 7. Rb1 h6 8. O-O
Ngf6 9. h3 c5 10. dxc5 Nxc5 11. c3 O-O 12. Nb3 Rc8 13. Nxc5 Rxc5 14. Re1 Ne8
15. Nd2 d5 16. Nb3 Rc8 17. Bf3 f5 18. Bg3 e6 19. Re2 Qe7 20. Rd2 a6 21. Nd4 Kh7
22. Rc1 e5 23. Nc2 Nf6 24. Ne1 Ne4 25. Bxe4 fxe4 26. f4 Rf7 27. Rf2 d4 28. cxd4
Rxc1 29. Qxc1 exd4 30. Nc2 d3 31. Na3 b5 32. Nb1 Qd6 33. a3 b4 34. Kh2 Rf5 35.
Rd2 a5 36. Qd1 Qb6 37. Bf2 Rc5 38. axb4 axb4 39. Qg4 Bc8 40. Qd1 Qc6 41. Qb3
Rc1 42. Rd1 Rxd1 43. Qxd1 Qc2 44. Qe1 Qxb2 0-1

[Event "II Open Dicembre"]
[Site "Arco ITA"]
[Date "2011.12.30"]
[Round "7"]
[White "Ziglio, Giorgio"]
[Black "Fox, Jonas"]
[Result "0-1"]
[WhiteElo "1467"]
[BlackElo "1641"]
[PlyCount "52"]
[EventDate "2011.12.26"]

1. d4 e6 2. e4 d5 3. Nc3 Bb4 4. exd5 exd5 5. Bd2 Bf5 6. Nf3 Nf6 7. a3 Ba5 8. b4
Bb6 9. h3 O-O 10. Be3 Re8 11. Bd3 Bxd3 12. Qxd3 Ne4 13. Nxe4 dxe4 14. Qe2 exf3
15. Qxf3 Bxd4 16. Rd1 Bc3+ 17. Kf1 Qc8 18. g3 Nd7 19. Bf4 Bf6 20. Kg2 Ne5 21.
Qb3 Qe6 22. Qxe6 Rxe6 23. Bxe5 Bxe5 24. Rd7 Bd6 25. c4 Kf8 26. c5 Ke8 0-1